Welcome to CU Library Online Public Access Catalogue (OPAC)

CIMA Study System Foundation (Record no. 6618)

MARC details
000 -LEADER
fixed length control field 00549nam a22002177a 4500
003 - CONTROL NUMBER IDENTIFIER
control field OSt
005 - DATE AND TIME OF LATEST TRANSACTION
control field 20250621190042.0
008 - FIXED-LENGTH DATA ELEMENTS--GENERAL INFORMATION
fixed length control field 250621b |||||||| |||| 00| 0 eng d
020 ## - INTERNATIONAL STANDARD BOOK NUMBER
International Standard Book Number 9788176492645
040 ## - CATALOGING SOURCE
Transcribing agency DLC
050 ## - LIBRARY OF CONGRESS CALL NUMBER
Classification number KD2028
100 ## - MAIN ENTRY--PERSONAL NAME
Personal name Mead L.
245 ## - TITLE STATEMENT
Title CIMA Study System Foundation
250 ## - EDITION STATEMENT
Edition statement 2nd Edition
260 ## - PUBLICATION, DISTRIBUTION, ETC.
Place of publication, distribution, etc. New Delhi ;
Name of publisher, distributor, etc. Viva Books Ltd.;
Date of publication, distribution, etc. c2000
300 ## - PHYSICAL DESCRIPTION
Extent xxiv, 365 p.;
490 ## - SERIES STATEMENT
Materials specified CIMA
500 ## - GENERAL NOTE
General note Includes index, Table of Content, Revision, Question
700 ## - ADDED ENTRY--PERSONAL NAME
Personal name J. Soulsby
942 ## - ADDED ENTRY ELEMENTS (KOHA)
Source of classification or shelving scheme Library of Congress Classification
Koha item type Books
Suppress in OPAC No
Holdings
Withdrawn status Lost status Source of classification or shelving scheme Damaged status Not for loan Collection Home library Current library Shelving location Date acquired Total checkouts Full call number Barcode Date last seen Copy number Price effective from Koha item type
    Library of Congress Classification     Non-fiction Law Library (Christ Temple) Law Library (Christ Temple) General stacks 06/21/2025   KD2028 MEA LLCT00000746 06/21/2025 1 06/21/2025 Books
© 2023-2024 Copyright: Central University Libraries. All Rights Reserved | Created by: Mahone Tech Office